<?xml version="1.0" encoding="UTF-8"?>
<record
    xmlns:xsi="http://www.w3.org/2001/XMLSchema-instance"
    xsi:schemaLocation="http://www.loc.gov/MARC21/slim http://www.loc.gov/standards/marcxml/schema/MARC21slim.xsd"
    xmlns="http://www.loc.gov/MARC21/slim">

  <leader>03004cam a2200421 i 4500</leader>
  <controlfield tag="003">SA-RiAUC</controlfield>
  <controlfield tag="005">20250311125357.0</controlfield>
  <controlfield tag="008">250309s2001    sy     g b    00000 ara c</controlfield>
  <datafield tag="020" ind1=" " ind2=" ">
    <subfield code="a">1575474476</subfield>
  </datafield>
  <datafield tag="020" ind1=" " ind2=" ">
    <subfield code="a">1575478870</subfield>
  </datafield>
  <datafield tag="020" ind1=" " ind2=" ">
    <subfield code="a">9781575478876</subfield>
  </datafield>
  <datafield tag="024" ind1="0" ind2=" ">
    <subfield code="a">00000000832681</subfield>
  </datafield>
  <datafield tag="024" ind1="0" ind2=" ">
    <subfield code="a">00000000974669</subfield>
  </datafield>
  <datafield tag="040" ind1=" " ind2=" ">
    <subfield code="a">SA-JeALM</subfield>
    <subfield code="b">ara</subfield>
    <subfield code="c">SA-RiAUC</subfield>
    <subfield code="d">AE-DuMBRL</subfield>
    <subfield code="e">rda</subfield>
  </datafield>
  <datafield tag="043" ind1=" " ind2=" ">
    <subfield code="a">ma-----</subfield>
  </datafield>
  <datafield tag="082" ind1="0" ind2="4">
    <subfield code="a">306.09</subfield>
    <subfield code="q">SA-RiAUC</subfield>
  </datafield>
  <datafield tag="090" ind1=" " ind2=" ">
    <subfield code="a">306.09</subfield>
    <subfield code="b">&#x639; &#x628; &#x62F;</subfield>
  </datafield>
  <datafield tag="100" ind1="1" ind2=" ">
    <subfield code="a">&#x639;&#x628;&#x62F; &#x627;&#x644;&#x644;&#x637;&#x64A;&#x641;&#x60C; &#x643;&#x645;&#x627;&#x644;</subfield>
    <subfield code="e">&#x645;&#x624;&#x644;&#x641;.</subfield>
  </datafield>
  <datafield tag="245" ind1="1" ind2="0">
    <subfield code="a">&#x625;&#x634;&#x643;&#x627;&#x644;&#x64A;&#x627;&#x62A; &#x627;&#x644;&#x62E;&#x637;&#x627;&#x628; &#x627;&#x644;&#x639;&#x631;&#x628;&#x64A; &#x627;&#x644;&#x645;&#x639;&#x627;&#x635;&#x631; /</subfield>
    <subfield code="c">&#x62F;. &#x643;&#x645;&#x627;&#x644; &#x639;&#x628;&#x62F; &#x627;&#x644;&#x644;&#x637;&#x64A;&#x641;&#x60C; &#x62F;. &#x646;&#x635;&#x631; &#x645;&#x62D;&#x645;&#x62F; &#x639;&#x627;&#x631;&#x641;.</subfield>
  </datafield>
  <datafield tag="250" ind1=" " ind2=" ">
    <subfield code="a">&#x627;&#x644;&#x637;&#x628;&#x639;&#x629; &#x627;&#x644;&#x623;&#x648;&#x644;&#x649;.</subfield>
  </datafield>
  <datafield tag="264" ind1=" " ind2="1">
    <subfield code="a">&#x62F;&#x645;&#x634;&#x642; :</subfield>
    <subfield code="a">&#x628;&#x64A;&#x631;&#x648;&#x62A; :</subfield>
    <subfield code="b">&#x62F;&#x627;&#x631; &#x627;&#x644;&#x641;&#x643;&#x631; &#x61B;</subfield>
    <subfield code="b">&#x62F;&#x627;&#x631; &#x627;&#x644;&#x641;&#x643;&#x631; &#x627;&#x644;&#x645;&#x639;&#x627;&#x635;&#x631;&#x60C;</subfield>
    <subfield code="c">2001.</subfield>
  </datafield>
  <datafield tag="264" ind1=" " ind2="3">
    <subfield code="a">&#x628;&#x64A;&#x631;&#x648;&#x62A; :</subfield>
    <subfield code="b">&#x645;&#x637;&#x628;&#x639;&#x629; &#x633;&#x64A;&#x643;&#x648;</subfield>
  </datafield>
  <datafield tag="300" ind1=" " ind2=" ">
    <subfield code="a">182 &#x635;&#x641;&#x62D;&#x629; &#x61B;</subfield>
    <subfield code="c">20 &#xD7; 14 &#x633;&#x645;.</subfield>
  </datafield>
  <datafield tag="336" ind1=" " ind2=" ">
    <subfield code="a">&#x646;&#x635;</subfield>
    <subfield code="b">txt</subfield>
    <subfield code="2">rdacontent</subfield>
    <subfield code="3">&#x643;&#x62A;&#x627;&#x628;</subfield>
  </datafield>
  <datafield tag="337" ind1=" " ind2=" ">
    <subfield code="a">&#x628;&#x62F;&#x648;&#x646; &#x648;&#x633;&#x64A;&#x637;</subfield>
    <subfield code="b">n</subfield>
    <subfield code="2">rdamedia</subfield>
  </datafield>
  <datafield tag="338" ind1=" " ind2=" ">
    <subfield code="a">&#x645;&#x62C;&#x644;&#x62F;</subfield>
    <subfield code="b">nc</subfield>
    <subfield code="2">rdacarrier</subfield>
  </datafield>
  <datafield tag="490" ind1="0" ind2=" ">
    <subfield code="a">&#x62D;&#x648;&#x627;&#x631;&#x627;&#x62A; &#x644;&#x642;&#x631;&#x646; &#x62C;&#x62F;&#x64A;&#x62F;</subfield>
  </datafield>
  <datafield tag="504" ind1=" " ind2=" ">
    <subfield code="a">&#x64A;&#x634;&#x62A;&#x645;&#x644; &#x639;&#x644;&#x649; &#x628;&#x628;&#x644;&#x64A;&#x648;&#x62C;&#x631;&#x627;&#x641;&#x64A;&#x629;.</subfield>
  </datafield>
  <datafield tag="520" ind1=" " ind2=" ">
    <subfield code="a">&#x64A;&#x62A;&#x646;&#x627;&#x648;&#x644; &#x643;&#x62A;&#x627;&#x628; (&#x625;&#x634;&#x643;&#x627;&#x644;&#x64A;&#x627;&#x62A; &#x627;&#x644;&#x62E;&#x637;&#x627;&#x628; &#x627;&#x644;&#x639;&#x631;&#x628;&#x64A; &#x627;&#x644;&#x645;&#x639;&#x627;&#x635;&#x631;) &#x648;&#x627;&#x644;&#x630;&#x64A; &#x642;&#x627;&#x645; &#x628;&#x62A;&#x623;&#x644;&#x64A;&#x641;&#x647; &#x62F;. &#x643;&#x645;&#x627;&#x644; &#x639;&#x628;&#x62F; &#x627;&#x644;&#x644;&#x637;&#x64A;&#x641;&#x60C; &#x62F;. &#x646;&#x635;&#x631; &#x645;&#x62D;&#x645;&#x62F; &#x639;&#x627;&#x631;&#x641;&#x60C; &#x645;&#x648;&#x636;&#x648;&#x639; (&#x627;&#x644;&#x62E;&#x637;&#x627;&#x628; &#x627;&#x644;&#x639;&#x631;&#x628;&#x64A; &#x627;&#x644;&#x645;&#x639;&#x627;&#x635;&#x631;) &#x641;&#x64A; &#x647;&#x630;&#x627; &#x627;&#x644;&#x643;&#x62A;&#x627;&#x628; &#x64A;&#x62A;&#x648;&#x644;&#x649; &#x639;&#x627;&#x644;&#x645;&#x627;&#x646; &#x642;&#x62F;&#x64A;&#x631;&#x627;&#x646; &#x628;&#x627;&#x644;&#x639;&#x644;&#x648;&#x645; &#x627;&#x644;&#x633;&#x64A;&#x627;&#x633;&#x64A;&#x629; &#x643;&#x644; &#x62D;&#x633;&#x628; &#x648;&#x62C;&#x647;&#x629; &#x646;&#x638;&#x631;&#x647;&#x60C; &#x641;&#x64A; &#x627;&#x644;&#x625;&#x62C;&#x627;&#x628;&#x629; &#x639;&#x644;&#x649; &#x628;&#x639;&#x636; &#x627;&#x644;&#x623;&#x633;&#x626;&#x644;&#x629;&#x60C; &#x627;&#x644;&#x62A;&#x64A; &#x62A;&#x624;&#x631;&#x642; &#x643;&#x644; &#x645;&#x648;&#x627;&#x637;&#x646; &#x62D;&#x631;&#x64A;&#x635; &#x639;&#x644;&#x649; &#x623;&#x646; &#x64A;&#x631;&#x649; &#x628;&#x644;&#x62F;&#x647; &#x641;&#x64A; &#x645;&#x635;&#x627;&#x641; &#x627;&#x644;&#x62F;&#x648;&#x644;&#x629; &#x627;&#x644;&#x645;&#x62A;&#x642;&#x62F;&#x645;&#x629;&#x60C; &#x62E;&#x627;&#x635;&#x629; &#x648;&#x623;&#x646;&#x647; &#x64A;&#x646;&#x638;&#x631; &#x625;&#x644;&#x649; &#x627;&#x644;&#x62E;&#x637;&#x627;&#x628; &#x627;&#x644;&#x639;&#x631;&#x628;&#x64A; &#x627;&#x644;&#x645;&#x639;&#x627;&#x635;&#x631; &#x639;&#x644;&#x649; &#x623;&#x646;&#x647; &#x641;&#x64A;&#x647; &#x645;&#x627; &#x641;&#x64A;&#x647; &#x645;&#x646; &#x627;&#x644;&#x63A;&#x64A;&#x628;&#x648;&#x628;&#x629; &#x648;&#x639;&#x62F;&#x645; &#x627;&#x644;&#x641;&#x639;&#x627;&#x644;&#x64A;&#x629; &#x648;&#x627;&#x644;&#x625;&#x63A;&#x62A;&#x631;&#x627;&#x628;. &#x630;&#x644;&#x643; &#x647;&#x644; &#x644;&#x623;&#x646; &#x627;&#x644;&#x642;&#x636;&#x627;&#x64A;&#x627; &#x627;&#x644;&#x62A;&#x64A; &#x64A;&#x646;&#x634;&#x63A;&#x644; &#x628;&#x647;&#x627; &#x627;&#x644;&#x645;&#x634;&#x627;&#x631;&#x643;&#x648;&#x646; &#x641;&#x64A; &#x635;&#x646;&#x639; &#x627;&#x644;&#x641;&#x643;&#x631; &#x627;&#x644;&#x639;&#x631;&#x628;&#x64A; &#x627;&#x644;&#x645;&#x639;&#x627;&#x635;&#x631;&#x60C; &#x62A;&#x639;&#x648;&#x62F; &#x625;&#x644;&#x649; &#x645;&#x648;&#x636;&#x648;&#x639;&#x627;&#x62A; &#x645;&#x636;&#x649; &#x639;&#x644;&#x649; &#x637;&#x631;&#x62D;&#x647;&#x627; &#x623;&#x643;&#x62B;&#x631; &#x645;&#x646; &#x642;&#x631;&#x646;&#x60C; &#x643;&#x642;&#x636;&#x64A;&#x629; &#x627;&#x644;&#x645;&#x631;&#x623;&#x629;&#x60C; &#x648;&#x627;&#x644;&#x623;&#x642;&#x644;&#x64A;&#x627;&#x62A;&#x60C; &#x648;&#x627;&#x644;&#x647;&#x648;&#x64A;&#x629;&#x60C; &#x648;&#x627;&#x644;&#x639;&#x631;&#x648;&#x628;&#x629; &#x648;&#x627;&#x644;&#x625;&#x633;&#x644;&#x627;&#x645; &#x61F; .. &#x623;&#x645; &#x644;&#x623;&#x646;&#x647;&#x627; &#x642;&#x636;&#x627;&#x64A;&#x627; &#x62A;&#x628;&#x62F;&#x648; &#x62A;&#x62E;&#x635; &#x645;&#x62C;&#x62A;&#x645;&#x639;&#x627; &#x622;&#x62E;&#x631; &#x641;&#x64A; &#x632;&#x645;&#x646; &#x622;&#x62E;&#x631;&#x61B; &#x643;&#x645;&#x641;&#x647;&#x648;&#x645; &#x627;&#x644;&#x642;&#x648;&#x645;&#x64A;&#x629; &#x648;&#x627;&#x644;&#x646;&#x647;&#x636;&#x629; &#x648;&#x627;&#x644;&#x62D;&#x62F;&#x627;&#x62B;&#x629; ! . &#x648;&#x644;&#x645;&#x627;&#x630;&#x627; &#x644;&#x645; &#x64A;&#x643;&#x646; &#x62E;&#x637;&#x627;&#x628;&#x627; &#x641;&#x627;&#x639;&#x644;&#x627; &#x645;&#x624;&#x62B;&#x631;&#x627; &#x642;&#x627;&#x62F;&#x631;&#x627; &#x639;&#x644;&#x649; &#x62A;&#x63A;&#x64A;&#x64A;&#x631; &#x627;&#x644;&#x648;&#x627;&#x642;&#x639; &#x648;&#x62A;&#x637;&#x648;&#x64A;&#x631;&#x647; &#x623;&#x648; &#x62A;&#x647;&#x630;&#x64A;&#x628;&#x647; &#x623;&#x648; &#x62A;&#x62D;&#x633;&#x64A;&#x646; &#x623;&#x62F;&#x627;&#x626;&#x647; &#x61F; . </subfield>
  </datafield>
  <datafield tag="650" ind1=" " ind2="7">
    <subfield code="a">&#x627;&#x644;&#x62B;&#x642;&#x627;&#x641;&#x629; &#x627;&#x644;&#x639;&#x631;&#x628;&#x64A;&#x629;</subfield>
    <subfield code="2">aucsh</subfield>
  </datafield>
  <datafield tag="650" ind1=" " ind2="7">
    <subfield code="a">&#x627;&#x644;&#x62D;&#x636;&#x627;&#x631;&#x629; &#x627;&#x644;&#x639;&#x631;&#x628;&#x64A;&#x629;</subfield>
    <subfield code="2">aucsh</subfield>
  </datafield>
  <datafield tag="650" ind1=" " ind2="7">
    <subfield code="a">&#x627;&#x644;&#x639;&#x644;&#x645;&#x627;&#x646;&#x64A;&#x629;</subfield>
    <subfield code="z">&#x627;&#x644;&#x628;&#x644;&#x627;&#x62F; &#x627;&#x644;&#x639;&#x631;&#x628;&#x64A;&#x629;</subfield>
    <subfield code="2">aucsh</subfield>
  </datafield>
  <datafield tag="651" ind1=" " ind2="7">
    <subfield code="a">&#x627;&#x644;&#x628;&#x644;&#x627;&#x62F; &#x627;&#x644;&#x639;&#x631;&#x628;&#x64A;&#x629;</subfield>
    <subfield code="x">&#x62D;&#x64A;&#x627;&#x629; &#x641;&#x643;&#x631;&#x64A;&#x629;</subfield>
    <subfield code="2">aucsh</subfield>
  </datafield>
  <datafield tag="700" ind1="1" ind2=" ">
    <subfield code="a">&#x639;&#x627;&#x631;&#x641;&#x60C; &#x646;&#x635;&#x631; &#x645;&#x62D;&#x645;&#x62F;&#x60C;</subfield>
    <subfield code="d">1961-</subfield>
    <subfield code="e">&#x645;&#x624;&#x644;&#x641;. </subfield>
  </datafield>
  <datafield tag="942" ind1=" " ind2=" ">
    <subfield code="2">ddc</subfield>
    <subfield code="c">BOOK</subfield>
    <subfield code="n">0</subfield>
  </datafield>
  <datafield tag="949" ind1=" " ind2=" ">
    <subfield code="a">SA-JeALM</subfield>
    <subfield code="d">250309</subfield>
    <subfield code="u">mohamedma123</subfield>
    <subfield code="n">1</subfield>
  </datafield>
  <datafield tag="952" ind1=" " ind2=" ">
    <subfield code="0">0</subfield>
    <subfield code="1">0</subfield>
    <subfield code="2">ddc</subfield>
    <subfield code="4">0</subfield>
    <subfield code="7">0</subfield>
    <subfield code="a">WAHAB</subfield>
    <subfield code="b">WAHAB</subfield>
    <subfield code="d">2025-03-11</subfield>
    <subfield code="l">0</subfield>
    <subfield code="o">306.09 &#x639; &#x628; &#x62F;</subfield>
    <subfield code="p">000010771</subfield>
    <subfield code="r">2025-03-11 12:54:41</subfield>
    <subfield code="w">2025-03-11</subfield>
    <subfield code="y">BOOK</subfield>
  </datafield>
  <datafield tag="999" ind1=" " ind2=" ">
    <subfield code="c">6364</subfield>
    <subfield code="d">6364</subfield>
  </datafield>
</record>
